书目信息 |
| 题名: |
诗经直解
|
|
| 作者: | 陈子展 撰述 | |
| 分册: | ||
| 出版信息: | 上海 复旦大学出版社 1983.10 |
|
| 页数: | 513页-1220页 | |
| 开本: | 21cm | |
| 丛书名: | ||
| 单 册: | ||
| 中图分类: | I222.2 | |
| 科图分类: | ||
| 主题词: | 诗歌--中国 , 韵文--中国 | |
| 电子资源: | ||
| ISBN: | ||
| 000 | 00581nam0 2200193 45 | |
| 001 | 0312221749 | |
| 005 | 20051101091544.53 | |
| 010 | @b精装@dCNY6.78(2册) | |
| 100 | @a20031222d1983 km y0chiy0120 ea | |
| 101 | @achi | |
| 200 | 1 | @a诗经直解@AShi Jing Zhi Jie@f陈子展撰述@FChen Zi Zhan Zhuan Shu |
| 210 | @a上海@c复旦大学出版社@d1983.10 | |
| 215 | @a513页-1220页@d21cm | |
| 606 | 0 | @a诗歌@x中国 |
| 606 | 0 | @a韵文@x中国 |
| 690 | @aI222.2@v3 | |
| 701 | 0 | @a陈子展@Achen zi zhan@4撰述 |
| 801 | @aCN@bTSTCL@c20051101 | |
| 905 | @a213230@dI222.2@e175:2@b97529@f1@b111650@f1@b177321-322@f2 | |
| 诗经直解/陈子展撰述.-上海:复旦大学出版社,1983.10 |
| 513页-1220页;21cm |
| ISBN (精装):CNY6.78(2册) |
| ● |
| 相关链接 |
|
|
|
|
正题名:诗经直解
索取号:I222.2/175:2
 
预约/预借
| 序号 | 登录号 | 条形码 | 馆藏地/架位号 | 状态 | 备注 |
| 1 | 0097529 | 001805443 | 密集书库/ [索取号:I222.2/175:2] | 在馆 | |
| 2 | 0097530 | 202080835 | 第一样本阅览室/ [索取号:I222.2/175:2] | 在馆 | |
| 3 | 0097531 | 202134083 | 第二借阅区/ [索取号:I222.2/175:2] | 在馆 | |
| 4 | 0111650 | 000972022 | 第二借阅区/ [索取号:I222.2/175:2] | 在馆 | |
| 5 | 0177321 | 000972095 | 第二借阅区/ [索取号:I222.2/175:2] | 在馆 | |
| 6 | 0177322 | 001805906 | 密集书库/ [索取号:I222.2/175:2] | 在馆 |